000 00400nam a2200145Ia 4500
008 220204s9999 xx 000 0 und d
082 _a631.4 (213.5)
_bSAN
100 _aSANCHEZ, Pedro A
245 0 _aProperties and management of soils in the tropics
260 _aNew York
_bJohn Wiley
_c1976
650 _aMultiple cropping
650 _aSoil fertility
650 _aTropical soils
942 _cBK
999 _c25559
_d25559